000
00284nam a2200109 4500
008
160702b xxu||||| |||| 00| 0 eng d
100
_9
1847
_a
Kleiser, G
245
_a
Exploring Common Pharases
260
_a
N.D
_b
A.P.H.
_c
2005
300
_a
Exploring Common Pharases
942
_2
ddc
_c
BK
999
_c
1551
_d
1551